Полимерные композиционные материалы: учебное пособие; Ч. 2

Detaylı Bibliyografya
Müşterek Yazar: Национальный исследовательский Томский политехнический университет
Diğer Yazarlar: Бондалетова Л. И. Людмила Ивановна (составитель), Бондалетов В. Г. Владимир Григорьевич
Özet:В пособии изложены общие сведения о различных видах полимерных композиционных материалов: полимерах, содержащих твердые дисперсные частицы, короткие и длинные волокна; смесях полимеров; полимерах, содержащих жидкости в виде включений или пластификаторов; полимерах, содержащих газообразные наполнители, а также сведения о высоко- и предельноармированных пластиках. Приводятся основные технологические методы получения композиционных материалов и методы формования изделий на их основе. Предназначено для студентов, обучающихся по направлению 18.04.01 "Химическая технология".
Dil:Rusça
Baskı/Yayın Bilgisi: Томск, Изд-во ТПУ, 2020
Konular:
Materyal Türü: Kitap
KOHA link:https://koha.lib.tpu.ru/cgi-bin/koha/opac-detail.pl?biblionumber=345847

MARC

LEADER 00000nam0a2200000 4500
001 345847
005 20240119165321.0
035 |a (RuTPU)RU\TPU\book\377700 
090 |a 345847 
100 |a 20210401d2020 m y0rusy50 ca 
101 0 |a rus 
102 |a RU 
105 |a a j 001zy 
200 1 |a Полимерные композиционные материалы  |e учебное пособие  |h Ч. 2  |f Национальный исследовательский Томский политехнический университет ; сост. Л. И. Бондалетова, В. Г. Бондалетов 
210 |a Томск  |c Изд-во ТПУ  |d 2020 
215 |a 130 с.  |c ил. 
320 |a Библиогр.: с. 128-129 
330 |a В пособии изложены общие сведения о различных видах полимерных композиционных материалов: полимерах, содержащих твердые дисперсные частицы, короткие и длинные волокна; смесях полимеров; полимерах, содержащих жидкости в виде включений или пластификаторов; полимерах, содержащих газообразные наполнители, а также сведения о высоко- и предельноармированных пластиках. Приводятся основные технологические методы получения композиционных материалов и методы формования изделий на их основе. Предназначено для студентов, обучающихся по направлению 18.04.01 "Химическая технология". 
452 1 |0 (RuTPU)RU\TPU\book\377204  |t Полимерные композиционные материалы  |o учебное пособие  |h Ч. 2  |f Национальный исследовательский Томский политехнический университет, Инженерная школа природных ресурсов, Отделение химической инженерии ; сост. Л. И. Бондалетова ; В. Г. Бондалетов  |c Томск  |n Изд-во ТПУ  |d 2020 
606 1 |a Композиционные материалы полимерные  |2 stltpush  |3 (RuTPU)RU\TPU\subj\15051  |9 41349 
610 1 |a волокнистые наполнители 
610 1 |a полимерные смеси 
610 1 |a газонаполненные полимеры 
610 1 |a композиции 
610 1 |a армированные термопласты 
610 1 |a изделия 
610 1 |a получение 
610 1 |a учебные пособия 
610 1 |a труды учёных ТПУ 
675 |a 620.22-419.8(075.8)  |v 4 
702 1 |a Бондалетова  |b Л. И.  |c химик-технолог  |c доцент Томского политехнического университета, кандидат химических наук  |f 1956-  |g Людмила Ивановна  |3 (RuTPU)RU\TPU\pers\25852  |4 220  |9 11721 
702 1 |a Бондалетов  |b В. Г.  |c химик-технолог  |c профессор Томского политехнического университета, доктор технических наук  |f 1957-  |g Владимир Григорьевич  |3 (RuTPU)RU\TPU\pers\25605  |4 220  |9 11534 
712 0 2 |a Национальный исследовательский Томский политехнический университет  |c (2009- )  |3 (RuTPU)RU\TPU\col\15902  |9 26305 
801 1 |a RU  |b 63413507  |c 20210401 
801 2 |a RU  |b 63413507  |c 20220204  |g RCR 
942 |c BK